<?xml version="1.0" encoding="UTF-8"?>
<record
    xmlns:xsi="http://www.w3.org/2001/XMLSchema-instance"
    xsi:schemaLocation="http://www.loc.gov/MARC21/slim http://www.loc.gov/standards/marcxml/schema/MARC21slim.xsd"
    xmlns="http://www.loc.gov/MARC21/slim">

  <leader>01787nam0a22003851  4500</leader>
  <controlfield tag="001">RU\NLR\A1SV\29383</controlfield>
  <controlfield tag="005">20260406075956.0</controlfield>
  <datafield tag="035" ind1=" " ind2=" ">
    <subfield code="a">(NLR Aleph) 009713301</subfield>
  </datafield>
  <datafield tag="090" ind1=" " ind2=" ">
    <subfield code="a">9844165</subfield>
    <subfield code="c">9844165</subfield>
  </datafield>
  <datafield tag="100" ind1=" " ind2=" ">
    <subfield code="a">20000525d1925    u  y0rusy50      ca</subfield>
  </datafield>
  <datafield tag="101" ind1="0" ind2=" ">
    <subfield code="a">rus</subfield>
  </datafield>
  <datafield tag="102" ind1=" " ind2=" ">
    <subfield code="a">RU</subfield>
  </datafield>
  <datafield tag="200" ind1="1" ind2=" ">
    <subfield code="a">&#x41A;&#x430;&#x442;&#x430;&#x43B;&#x43E;&#x433; &#x412;&#x44B;&#x441;&#x442;&#x430;&#x432;&#x43A;&#x438; &#x440;&#x438;&#x441;&#x443;&#x43D;&#x43A;&#x43E;&#x432; &#x433;&#x440;&#x443;&#x43F;&#x43F;&#x44B; &#x445;&#x443;&#x434;&#x43E;&#x436;&#x43D;&#x438;&#x43A;&#x43E;&#x432;: &#x411;&#x440;&#x443;&#x43D;&#x438; &#x41B;.&#x410;., &#x41A;&#x443;&#x43F;&#x440;&#x435;&#x44F;&#x43D;&#x43E;&#x432;&#x430; &#x41D;.&#x41D;., &#x41B;&#x435;&#x431;&#x435;&#x434;&#x435;&#x432;&#x430; &#x412;.&#x412;., &#x41B;&#x44C;&#x432;&#x43E;&#x432;&#x430; &#x41F;.&#x418;., &#x41C;&#x438;&#x442;&#x443;&#x440;&#x438;&#x447;&#x430; &#x41F;.&#x412;., &#x422;&#x430;&#x442;&#x43B;&#x438;&#x43D;&#x430; &#x412;.&#x415;., &#x422;&#x44B;&#x440;&#x441;&#x44B; &#x41D;.&#x410;.</subfield>
    <subfield code="g">&#x413;&#x43E;&#x441;. &#x426;&#x432;&#x435;&#x442;&#x43A;&#x43E;&#x432;. &#x433;&#x430;&#x43B;&#x435;&#x440;&#x435;&#x44F;</subfield>
  </datafield>
  <datafield tag="210" ind1=" " ind2=" ">
    <subfield code="a">[&#x41C;.]</subfield>
    <subfield code="d">1925</subfield>
  </datafield>
  <datafield tag="215" ind1=" " ind2=" ">
    <subfield code="a">8 &#x441;.</subfield>
    <subfield code="d">18 &#x441;&#x43C;</subfield>
  </datafield>
  <datafield tag="620" ind1=" " ind2=" ">
    <subfield code="d">&#x41C;&#x43E;&#x441;&#x43A;&#x432;&#x430;</subfield>
  </datafield>
  <datafield tag="702" ind1=" " ind2="1">
    <subfield code="a">&#x411;&#x440;&#x443;&#x43D;&#x438;</subfield>
    <subfield code="b">&#x41B;.&#x410;.</subfield>
    <subfield code="f">1894-1948</subfield>
    <subfield code="g">&#x41B;&#x435;&#x432; &#x410;&#x43B;&#x435;&#x43A;&#x441;&#x430;&#x43D;&#x434;&#x440;&#x43E;&#x432;&#x438;&#x447;</subfield>
    <subfield code="4">070</subfield>
  </datafield>
  <datafield tag="702" ind1=" " ind2="1">
    <subfield code="a">&#x41A;&#x443;&#x43F;&#x440;&#x435;&#x44F;&#x43D;&#x43E;&#x432;</subfield>
    <subfield code="b">&#x41D;.&#x41D;.</subfield>
    <subfield code="f">1894-1933</subfield>
    <subfield code="g">&#x41D;&#x438;&#x43A;&#x43E;&#x43B;&#x430;&#x439; &#x41D;&#x438;&#x43A;&#x43E;&#x43B;&#x430;&#x435;&#x432;&#x438;&#x447;</subfield>
    <subfield code="4">070</subfield>
  </datafield>
  <datafield tag="702" ind1=" " ind2="1">
    <subfield code="4">070</subfield>
    <subfield code="8">rus</subfield>
    <subfield code="7">ca</subfield>
    <subfield code="a">&#x41B;&#x435;&#x431;&#x435;&#x434;&#x435;&#x432;</subfield>
    <subfield code="b">&#x412;. &#x412;.</subfield>
    <subfield code="c">&#x436;&#x438;&#x432;&#x43E;&#x43F;&#x438;&#x441;&#x435;&#x446;, &#x433;&#x440;&#x430;&#x444;&#x438;&#x43A;</subfield>
    <subfield code="f">1891-1967</subfield>
    <subfield code="g">&#x412;&#x43B;&#x430;&#x434;&#x438;&#x43C;&#x438;&#x440; &#x412;&#x430;&#x441;&#x438;&#x43B;&#x44C;&#x435;&#x432;&#x438;&#x447;</subfield>
    <subfield code="3">RU\NLR\AUTH\7740013</subfield>
    <subfield code="9">22966</subfield>
  </datafield>
  <datafield tag="702" ind1=" " ind2="1">
    <subfield code="a">&#x41B;&#x44C;&#x432;&#x43E;&#x432;</subfield>
    <subfield code="b">&#x41F;.&#x418;.</subfield>
    <subfield code="f">1882-1944</subfield>
    <subfield code="g">&#x41F;&#x435;&#x442;&#x440; &#x418;&#x432;&#x430;&#x43D;&#x43E;&#x432;&#x438;&#x447;</subfield>
    <subfield code="4">070</subfield>
  </datafield>
  <datafield tag="702" ind1=" " ind2="1">
    <subfield code="a">&#x41C;&#x438;&#x442;&#x443;&#x440;&#x438;&#x447;</subfield>
    <subfield code="b">&#x41F;.&#x412;.</subfield>
    <subfield code="f">1887-1956</subfield>
    <subfield code="g">&#x41F;&#x435;&#x442;&#x440; &#x412;&#x430;&#x441;&#x438;&#x43B;&#x44C;&#x435;&#x432;&#x438;&#x447;</subfield>
    <subfield code="4">070</subfield>
  </datafield>
  <datafield tag="702" ind1=" " ind2="1">
    <subfield code="a">&#x422;&#x430;&#x442;&#x43B;&#x438;&#x43D;</subfield>
    <subfield code="b">&#x412;.&#x415;.</subfield>
    <subfield code="f">1885-1953</subfield>
    <subfield code="g">&#x412;&#x43B;&#x430;&#x434;&#x438;&#x43C;&#x438;&#x440; &#x415;&#x432;&#x433;&#x440;&#x430;&#x444;&#x43E;&#x432;&#x438;&#x447;</subfield>
    <subfield code="4">070</subfield>
  </datafield>
  <datafield tag="702" ind1=" " ind2="1">
    <subfield code="4">070</subfield>
    <subfield code="8">rus</subfield>
    <subfield code="7">ca</subfield>
    <subfield code="a">&#x422;&#x44B;&#x440;&#x441;&#x430;</subfield>
    <subfield code="b">&#x41D;. &#x410;.</subfield>
    <subfield code="f">1887-1942</subfield>
    <subfield code="g">&#x41D;&#x438;&#x43A;&#x43E;&#x43B;&#x430;&#x439; &#x410;&#x43D;&#x434;&#x440;&#x435;&#x435;&#x432;&#x438;&#x447;</subfield>
    <subfield code="3">RU\NLR\AUTH\7739989</subfield>
    <subfield code="9">22950</subfield>
  </datafield>
  <datafield tag="710" ind1="1" ind2="2">
    <subfield code="a">&#x412;&#x44B;&#x441;&#x442;&#x430;&#x432;&#x43A;&#x430; &#x440;&#x438;&#x441;&#x443;&#x43D;&#x43A;&#x43E;&#x432; &#x411;&#x440;&#x443;&#x43D;&#x438; &#x41B;.&#x410;., &#x41A;&#x443;&#x43F;&#x440;&#x435;&#x44F;&#x43D;&#x43E;&#x432;&#x430; &#x41D;.&#x41D;., &#x41B;&#x435;&#x431;&#x435;&#x434;&#x435;&#x432;&#x430; &#x412;.&#x412;. &#x438; &#x434;&#x440;.</subfield>
    <subfield code="e">&#x41C;&#x43E;&#x441;&#x43A;&#x432;&#x430;</subfield>
    <subfield code="f">1925</subfield>
  </datafield>
  <datafield tag="801" ind1=" " ind2="0">
    <subfield code="a">RU</subfield>
    <subfield code="b">NLR</subfield>
    <subfield code="c">20000525</subfield>
  </datafield>
  <datafield tag="852" ind1=" " ind2=" ">
    <subfield code="a">NLR</subfield>
    <subfield code="j">64-2/74</subfield>
  </datafield>
  <datafield tag="899" ind1=" " ind2=" ">
    <subfield code="a">&#x411;&#x410;&#x41D;</subfield>
  </datafield>
  <datafield tag="899" ind1=" " ind2=" ">
    <subfield code="a">&#x420;&#x41A;&#x41F;</subfield>
  </datafield>
  <datafield tag="899" ind1=" " ind2=" ">
    <subfield code="a">&#x41D;&#x411; &#x411;&#x435;&#x43B;.</subfield>
  </datafield>
  <datafield tag="899" ind1=" " ind2=" ">
    <subfield code="a">&#x420;&#x413;&#x411;</subfield>
  </datafield>
  <datafield tag="942" ind1=" " ind2=" ">
    <subfield code="c">BOOK</subfield>
  </datafield>
  <datafield tag="980" ind1=" " ind2=" ">
    <subfield code="a">NB</subfield>
  </datafield>
  <datafield tag="980" ind1=" " ind2=" ">
    <subfield code="a">SCAN_DONE</subfield>
  </datafield>
  <datafield tag="980" ind1=" " ind2=" ">
    <subfield code="a">A1SV</subfield>
  </datafield>
  <datafield tag="995" ind1=" " ind2=" ">
    <subfield code="5">2023-07-06</subfield>
    <subfield code="b">NLR02</subfield>
    <subfield code="c">NLR02</subfield>
    <subfield code="e">RFS</subfield>
    <subfield code="f">1-4037043</subfield>
    <subfield code="k">64-2/74</subfield>
    <subfield code="o">0</subfield>
    <subfield code="r">BOOK</subfield>
    <subfield code="s">64274_</subfield>
  </datafield>
</record>
